LEADER 00957nam a2200253 u 4500 001 000000115682 003 CaOOAMICUS 005 20090514150502.0 008 090514s2009 it u000 u ita r 020 $z978-88-06-19798-8* 040 $aPUL$bita$dLDB 100 1 $aBianchi, Enzo,$d1943-$0(OLS)http://pul/name/26766 245 10$aPer un'etica condivisa /$cEnzo Bianchi. 260 $aTorino :$bEinaudi,$cc2009. 300 $avi, 126 p. ;$c18 cm. 490 1 $aVele ;$v46 650 4$aEtica.$0(OLS)http://pul/subject/547 830 0$aVele ;$v46.$0(OLS)http://pul/title/145353 850 $aPUL 852 $aPUL$W1$xSL Filosofia 3$y81$m174 BIAEN 1$j132500$qDDC 21$B131498$CPULBib$Z2$F131498 $H110269 $82 941 1 $a9 996 $6020$z978-88-06-19798-8*$9(OLS)http://pul/number/140684 996 $6245$aPer un'etica condivisa$9(OLS)http://pul/title/145352 996 $6260$aTorino :$bEinaudi$9(OLS)http://pul/publisher/48130 LEADER 01068nam a2200253 u 4500 001 000000049626 003 CaOOAMICUS 005 20070226115130.0 008 000706n1910 it a u000 u ita u 035 $a10851760 040 $aPUL(R)$bita 100 1 $aManni, Giuseppe,$cSch.P.,$d1844-1923.$0(OLS)http://pul/name/35861 245 13$aIl canto XXXIII del Purgatorio /$cletto da Giuseppe Manni nella sala di Dante in Ornsanmichele. 260 $aFirenze :$bSansoni,$c1910. 300 $a37 p. :$bill. ;$c25 cm 490 1 $aLectura Dantis 600 04$aDante Alighieri,$d1265-1321.$tDivina Commedia.$pPurgatorio.$0(OLS)http://pul/subject/5170 830 0$aLectura Dantis.$0(OLS)http://pul/title/8649 850 $aPUL 852 $aPUL$W1$xDP1 Fondo Maccarrone$y58$m1516 B 10$j65908$nBK-PRI$b $qFondi$B65908$CPULBib$Z2$F65908 $H $81 941 1 $a1 961 $aINV: 3905 F. Maccarrone 996 $6245$aIl canto XXXIII del Purgatorio$9(OLS)http://pul/title/66897 996 $6260$aFirenze :$bSansoni$9(OLS)http://pul/publisher/47896